[Event "SUR-ch"]
[Site "Paramaribo"]
[Date "2014.03.15"]
[Round "12"]
[White "Ooft, Gavin"]
[Black "Matoewi, Roger"]
[Result "1/2-1/2"]
[WhiteElo "1996"]
[BlackElo "2112"]
[PlyCount "28"]
[EventDate "2014.02.16"]
[EventType "tourn"]
[EventRounds "13"]
[EventCountry "SUR"]
[SourceTitle "EXT 2018"]
[Source "ChessBase"]
[SourceDate "2017.10.13"]
[SourceVersion "1"]
[SourceVersionDate "2017.10.13"]
[SourceQuality "1"]

1. d4 d5 2. c4 e6 3. Nf3 c6 4. e3 Nf6 5. Nc3 Be7 6. Bd3 Nbd7 7. 0-0 0-0 8. Qe2 Re8 9. e4 dxe4 10. Nxe4 Nxe4 11. Qxe4 Nf8 12. Rd1 Qa5 13. h4 Qf5 14. Qe3 Qg4 1/2-1/2

[Event "SUR-ch"]
[Site "Paramaribo"]
[Date "2014.03.11"]
[Round "10"]
[White "Ooft, Gavin"]
[Black "Gajadin, Dewperkash"]
[Result "1/2-1/2"]
[WhiteElo "1996"]
[BlackElo "2096"]
[PlyCount "56"]
[EventDate "2014.02.16"]
[EventType "tourn"]
[EventRounds "13"]
[EventCountry "SUR"]
[SourceTitle "EXT 2018"]
[Source "ChessBase"]
[SourceDate "2017.10.13"]
[SourceVersion "1"]
[SourceVersionDate "2017.10.13"]
[SourceQuality "1"]

1. d4 Nf6 2. Nf3 e6 3. Bg5 c5 4. c3 d5 5. e3 Nbd7 6. Bd3 Bd6 7. 0-0 0-0 8. Nbd2 Qc7 9. c4 cxd4 10. exd4 Bf4 11. cxd5 exd5 12. Re1 Bxg5 13. Nxg5 Qf4 14. Ndf3 h6 15. Nh3 Qd6 16. Qd2 Nh7 17. Nf4 Ndf6 18. Ne5 Ng5 19. Rac1 Be6 20. Nxe6 Nxe6 21. Bb1 Rfe8 22. g3 Rac8 23. Kg2 Rc7 24. Rxc7 Qxc7 25. Rc1 Qb6 26. Nf3 Ne4 27. Qc2 Nxd4 28. Nxd4 Qxd4 1/2-1/2

[Event "SUR-ch"]
[Site "Paramaribo"]
[Date "2012.03.14"]
[Round "1"]
[White "Ooft, Gavin"]
[Black "Matoewi, Roger"]
[Result "1-0"]
[WhiteElo "1953"]
[BlackElo "2128"]
[PlyCount "69"]
[EventDate "2012.03.14"]
[EventType "tourn"]
[EventRounds "13"]
[EventCountry "SUR"]
[SourceTitle "EXT 2013"]
[Source "ChessBase"]
[SourceDate "2012.11.22"]
[SourceVersion "1"]
[SourceVersionDate "2012.11.22"]
[SourceQuality "1"]

1. e4 c5 2. Nc3 d6 3. g3 g6 4. Nge2 Bg7 5. Bg2 Nf6 6. 0-0 0-0 7. h3 Nc6 8. d3 Bd7 9. Bg5 Rb8 10. Qd2 b5 11. a3 a5 12. Bh6 b4 13. axb4 axb4 14. Nd5 Nxd5 15. Bxg7 Kxg7 16. exd5 Nd4 17. Nxd4 cxd4 18. Rfe1 Re8 19. Re4 e5 20. dxe6 Rxe6 21. Rh4 h5 22. Ra7 Qe8 23. Kh2 b3 24. c4 Re2 25. Qf4 Rxb2 26. Rxd7 Re2 27. Qxd4+ Qe5 28. Qa7 Rf8 29. d4 Qe6 30. Rf4 b2 31. Bd5 Qxd5 32. cxd5 b1Q 33. Rdxf7+ Rxf7 34. Qxf7+ Kh8 35. Qf8+ 1-0

[Event "SUR-ch"]
[Site "Paramaribo"]
[Date "2011.03.15"]
[Round "12"]
[White "Hanoeman, Suradj"]
[Black "Ooft, Gavin"]
[Result "1-0"]
[WhiteElo "2000"]
[BlackElo "1957"]
[PlyCount "88"]
[EventDate "2011.02.18"]
[EventType "tourn"]
[EventRounds "13"]
[EventCountry "SUR"]
[SourceTitle "EXT 2013"]
[Source "ChessBase"]
[SourceDate "2012.11.22"]
[SourceVersion "1"]
[SourceVersionDate "2012.11.22"]
[SourceQuality "1"]

1. d4 Nf6 2. c4 e6 3. Nc3 Bb4 4. e3 b6 5. Bd3 Bb7 6. Nf3 Ne4 7. 0-0 Bxc3 8. bxc3 0-0 9. Qc2 f5 10. Nd2 Ng5 11. f4 Nf7 12. e4 Nh6 13. Ba3 d6 14. d5 Ng4 15. Rae1 exd5 16. cxd5 Re8 17. c4 Nd7 18. h3 fxe4 19. Nxe4 Ngf6 20. Ng5 Nf8 21. Bb2 h6 22. Ne6 Nxe6 23. dxe6 Qe7 24. Bg6 Rf8 25. Bf7+ Rxf7 26. exf7+ Qxf7 27. Rf2 Re8 28. Rxe8+ Nxe8 29. Qa4 Qe7 30. Qd1 Nf6 31. Bxf6 Qxf6 32. Qg4 Qf7 33. f5 Qf6 34. Re2 Kf8 35. Kh2 Bc8 36. Qe4 Qf7 37. g4 a5 38. h4 Qd7 39. g5 c6 40. gxh6 gxh6 41. Qf4 Kf7 42. Qg3 Kf8 43. Qg6 h5 44. Re6 Qg7 1-0

[Event "SUR-ch"]
[Site "Paramaribo"]
[Date "2011.03.08"]
[Round "9"]
[White "Ooft, Gavin"]
[Black "Matoewi, Roger"]
[Result "1/2-1/2"]
[WhiteElo "1957"]
[BlackElo "2150"]
[PlyCount "98"]
[EventDate "2011.02.18"]
[EventType "tourn"]
[EventRounds "13"]
[EventCountry "SUR"]
[SourceTitle "EXT 2013"]
[Source "ChessBase"]
[SourceDate "2012.11.22"]
[SourceVersion "1"]
[SourceVersionDate "2012.11.22"]
[SourceQuality "1"]

1. Nf3 Nf6 2. b3 d5 3. Bb2 e6 4. e3 Be7 5. Nc3 c6 6. Ne2 Nbd7 7. Ng3 0-0 8. d4 Ne4 9. Nxe4 dxe4 10. Nd2 f5 11. Bc4 Nf6 12. a4 Bd7 13. Be2 Qe8 14. Nc4 Nd5 15. 0-0 Rd8 16. Ne5 Bc8 17. c4 Nf6 18. Qe1 Nd7 19. b4 Nxe5 20. dxe5 c5 21. b5 Qd7 22. Rd1 Qc7 23. Qc3 b6 24. Qc1 Rxd1 25. Rxd1 Rd8 26. Bc3 Rxd1+ 27. Qxd1 Qd8 28. Qxd8+ Bxd8 29. Kf1 g6 30. g3 Kg7 31. Kg2 Bd7 32. h4 Be8 33. Kf1 h6 34. Kg2 g5 35. hxg5 hxg5 36. Kh2 Kg6 37. g4 Bc7 38. Bd1 Kh6 39. Kh3 Bg6 40. Be2 Bd8 41. Bd1 Kg7 42. Be2 Kf7 43. Bd1 fxg4+ 44. Bxg4 Bf5 45. Bb2 Bc7 46. Bc3 Bd8 47. Bb2 Bc7 48. Bc3 Bd8 49. Bb2 Bc7 1/2-1/2

[Event "SUR-ch"]
[Site "Paramaribo"]
[Date "2011.02.27"]
[Round "5"]
[White "Ooft, Gavin"]
[Black "Naipal, Ekaterina"]
[Result "1/2-1/2"]
[WhiteElo "1957"]
[BlackElo "1806"]
[PlyCount "83"]
[EventDate "2011.02.18"]
[EventType "tourn"]
[EventRounds "13"]
[EventCountry "SUR"]
[SourceTitle "EXT 2013"]
[Source "ChessBase"]
[SourceDate "2012.11.22"]
[SourceVersion "1"]
[SourceVersionDate "2012.11.22"]
[SourceQuality "1"]

1. Nf3 Nf6 2. e3 g6 3. d4 Bg7 4. c4 0-0 5. Nc3 d6 6. Be2 Nbd7 7. Qc2 e5 8. 0-0 Re8 9. dxe5 Nxe5 10. Nxe5 dxe5 11. Rd1 Qe7 12. e4 c6 13. Be3 Bg4 14. f3 Be6 15. c5 Rad8 16. b4 Nh5 17. Na4 Nf4 18. Bc4 Bxc4 19. Qxc4 Qg5 20. Bxf4 exf4 21. Rab1 Rxd1+ 22. Rxd1 Rd8 23. Nc3 Rxd1+ 24. Nxd1 Qd8 25. Nf2 Bd4 26. Kf1 Bxf2 27. Kxf2 Qh4+ 28. Kg1 Qe1+ 29. Qf1 Qxb4 30. Qc1 Kg7 31. g3 fxg3 32. hxg3 Kf8 33. Kg2 Qa5 34. a3 Qb5 35. Qc3 Kg8 36. Kf2 b6 37. cxb6 axb6 38. Ke3 Qg5+ 39. Kf2 Qb5 40. Ke3 Qg5+ 41. Kf2 Qb5 42. Ke3 1/2-1/2

[Event "SUR-ch"]
[Site "Paramaribo"]
[Date "2011.02.26"]
[Round "4"]
[White "Mungroo, Franklin"]
[Black "Ooft, Gavin"]
[Result "1-0"]
[WhiteElo "2116"]
[BlackElo "1957"]
[PlyCount "99"]
[EventDate "2011.02.18"]
[EventType "tourn"]
[EventRounds "13"]
[EventCountry "SUR"]
[SourceTitle "EXT 2013"]
[Source "ChessBase"]
[SourceDate "2012.11.22"]
[SourceVersion "1"]
[SourceVersionDate "2012.11.22"]
[SourceQuality "1"]

1. e4 c5 2. d4 cxd4 3. c3 dxc3 4. Nxc3 Nc6 5. Nf3 e6 6. Bc4 Qc7 7. Qe2 Nf6 8. 0-0 Ng4 9. g3 a6 10. Bf4 Nge5 11. Nd5 Qd6 12. Nxe5 Nxe5 13. Rfd1 exd5 14. Rxd5 Nxc4 15. Bxd6 Nxd6 16. Rad1 Nb5 17. Re5+ Be7 18. Qg4 Kf8 19. Rxe7 Kxe7 20. Qxg7 Re8 21. e5 Nc7 22. Qf6+ Kf8 23. Qd6+ Kg8 24. Qxc7 d5 25. exd6 Bg4 26. d7 Bxd1 27. dxe8Q+ Rxe8 28. Qxb7 Be2 29. f4 Bb5 30. g4 Re1+ 31. Kf2 Re2+ 32. Kg3 Kg7 33. Qb6 Rc2 34. h4 Rc6 35. Qd4+ Kg8 36. Qd8+ Kg7 37. h5 h6 38. a4 Bc4 39. g5 Ba2 40. Qd7 Re6 41. Qd4+ Kg8 42. f5 Rc6 43. Qd8+ Kh7 44. Qd7 Rb6 45. g6+ Kg7 46. b4 Rf6 47. b5 Bb3 48. Qd4 axb5 49. axb5 Bc2 50. b6 1-0

[Event "Paramaribo Qualifier"]
[Site "Paramaribo"]
[Date "2011.02.04"]
[Round "5"]
[White "Tjong Tjin, Joe Calvin"]
[Black "Ooft, Gavin"]
[Result "1/2-1/2"]
[WhiteElo "1882"]
[BlackElo "1959"]
[PlyCount "86"]
[EventDate "2011.01.21"]
[EventType "swiss"]
[EventRounds "9"]
[EventCountry "SUR"]
[SourceTitle "EXT 2024"]
[Source "ChessBase"]
[SourceDate "2023.10.10"]
[SourceVersion "1"]
[SourceVersionDate "2023.10.10"]
[SourceQuality "1"]

1. e4 c5 2. Nf3 Nc6 3. Bb5 e6 4. 0-0 Nge7 5. Re1 d6 6. c3 a6 7. Bf1 Ng6 8. d4 cxd4 9. cxd4 Be7 10. Nc3 0-0 11. Be3 b5 12. g3 Bb7 13. Bg2 Na5 14. d5 e5 15. Nd2 Bc8 16. b4 Nb7 17. a4 Bd7 18. axb5 axb5 19. Bf1 Rxa1 20. Qxa1 Bg5 21. Qa6 Bxe3 22. Rxe3 Qa8 23. Qxa8 Rxa8 24. Bxb5 Bxb5 25. Nxb5 Ra4 26. Rb3 Ne7 27. Nc4 f5 28. f3 fxe4 29. fxe4 Nc8 30. Kg2 Ra2+ 31. Rb2 Rxb2+ 32. Nxb2 Nb6 33. Kf3 Kf7 34. h4 Kf6 35. Nc7 g6 36. g4 h6 37. Ne6 Ke7 38. Ke3 Nd8 39. Nxd8 Kxd8 40. Kd3 Kc7 41. h5 gxh5 42. gxh5 Nd7 43. Nd1 Nf6 1/2-1/2